[Event "World Rapid Women 2025"]
[Site "Doha QAT"]
[Date "2025.12.26"]
[Round "3.29"]
[White "Bayasgalan, Khishigbaatar"]
[Black "Arabidze, Meri"]
[Result "0-1"]
[WhiteTitle "WCM"]
[BlackTitle "IM"]
[WhiteElo "2249"]
[BlackElo "2413"]
[WhiteFideId "4904311"]
[BlackFideId "13604040"]
[EventDate "2025.12.26"]

1. d4 d5 2. c4 e6 3. Nf3 Nf6 4. g3 Ne4 5. Bg2 Be7 6. O-O f5 7. Ne5 Nd7 8. Bf4 g5
9. Nxd7 gxf4 10. Ne5 fxg3 11. fxg3 Bg5 12. Qd3 O-O 13. Nc3 c6 14. Rad1 Qe7 15.
b3 Bd7 16. Nf3 Bf6 17. Nb1 Be8 18. Qe3 a5 19. Ne5 Qg7 20. Nf3 a4 21. Qd3 Bg6 22.
Qe3 axb3 23. Qxb3 Kh8 24. e3 Bh5 25. Qc2 Rg8 26. Rde1 Bg6 27. Qb3 h5 28. Re2
Rae8 29. Kh1 Re7 30. Nc3 h4 31. Nxh4 Bxh4 32. gxh4 Qh6 33. Nxe4 fxe4 34. Rf4 Bf5
35. c5 Reg7 36. Qb1 Rg4 37. Rxg4 Bxg4 38. Re1 Qxh4 39. Rf1 Bh3 40. Rg1 Rxg2 41.
Rxg2 Bxg2+ 42. Kxg2 Qg4+ 43. Kf2 Qf3+ 44. Kg1 Qxe3+ 45. Kh1 Qf3+ 46. Kg1 e3 47.
Qf1 Qg4+ 48. Kh1 Qe4+ 49. Kg1 Qxd4 50. Qh3+ Kg7 51. Qxe6 Qd1+ 52. Kg2 Qe2+ 53.
Kg3 Qf2+ 54. Kg4 Qg2+ 55. Kf4 Qxh2+ 56. Kxe3 Qh6+ 57. Qxh6+ Kxh6 58. Kd4 Kg6 59.
Ke5 Kf7 60. a4 Ke7 61. a5 Kd7 62. Kf5 Kc7 63. Ke5 Kb8 64. Kd4 Ka7 65. Kc3 Ka6
66. Kb4 d4 0-1

[Event "World Rapid Women 2025"]
[Site "Doha QAT"]
[Date "2025.12.26"]
[Round "3.30"]
[White "Munkhzul, Turmunkh"]
[Black "Li, Xueyi"]
[Result "1-0"]
[WhiteTitle "WGM"]
[BlackTitle "WGM"]
[WhiteElo "2271"]
[BlackElo "2202"]
[WhiteFideId "4901878"]
[BlackFideId "8605912"]
[EventDate "2025.12.26"]

1. e4 c6 2. d4 d5 3. e5 Bf5 4. h4 h5 5. c4 e6 6. Nc3 Be7 7. Nf3 Bg4 8. cxd5 cxd5
9. Qb3 Nc6 10. Be3 Rb8 11. Bd3 Nh6 12. Bxh6 Rxh6 13. Ne2 Qa5+ 14. Kf1 Bxf3 15.
gxf3 Qb4 16. Qxb4 Nxb4 17. Bb5+ Kd8 18. a3 Nc6 19. Kg2 a6 20. Bd3 Kd7 21. Rac1
f6 22. f4 Rg8 23. Kh3 g5 24. fxg5 fxg5 25. hxg5 Rxg5 26. Rhg1 Rh8 27. Rxg5 Bxg5
28. Rg1 Be7 29. f4 Rf8 30. Rg7 Kd8 31. Bg6 h4 32. Bh5 b5 33. Bg4 Kd7 34. Rg6 Nd8
35. Kg2 a5 36. Kf3 b4 37. axb4 Bxb4 38. Rh6 a4 39. Rxh4 Be7 40. Rh7 Rf7 41. Rh6
Bf8 42. Rg6 a3 43. bxa3 Bxa3 44. Nc3 Bb2 45. Nxd5 Bxd4 46. Ke4 Bb2 47. Nf6+ Ke7
48. Bh5 Nb7 49. Rg8 Nc5+ 50. Kf3 Rf8 51. Rg7+ Kd8 52. Ra7 Rxf6 53. exf6 Bxf6 54.
Bf7 Be7 55. Kg4 Bd6 56. Bg6 Bb8 57. Ra8 Kc7 58. Kg5 Kb7 59. Ra2 Nd7 60. Bf7 Nc5
61. Ra3 Bd6 62. Re3 Be7+ 63. Kg4 Kc7 64. Bxe6 Kd6 65. Bc4 Bf6 66. Kf5 Bd4 67.
Re1 Nd7 68. Rd1 Kc5 69. Be6 Nb8 70. Kg6 Nc6 71. f5 Ne5+ 72. Kh7 Ng4 73. Kg6 Ne5+
74. Kh5 Nc6 75. Kg5 Be3+ 76. Kg6 Ne5+ 77. Kh5 Nc6 78. f6 Bd4 79. f7 Bg7 80. Rg1
Bf8 81. Rg8 1-0

[Event "World Rapid Women 2025"]
[Site "Doha QAT"]
[Date "2025.12.26"]
[Round "3.31"]
[White "Pham, Le Thao Nguyen"]
[Black "Yakimova, Mariya"]
[Result "0-1"]
[WhiteTitle "IM"]
[BlackTitle "WFM"]
[WhiteElo "2348"]
[BlackElo "2241"]
[WhiteFideId "12401226"]
[BlackFideId "34188859"]
[EventDate "2025.12.26"]

1. d4 d5 2. Nf3 Nf6 3. Bf4 c5 4. e3 e6 5. c3 Bd6 6. Bb5+ Nc6 7. Bg3 Bxg3 8. hxg3
Qb6 9. a4 a6 10. dxc5 Qxc5 11. Qd4 Qxd4 12. Bxc6+ bxc6 13. exd4 a5 14. Ne5 Rb8
15. b4 Bd7 16. bxa5 Ne4 17. g4 f6 18. Nd3 c5 19. f3 c4 20. fxe4 cxd3 21. Nd2 Kf7
22. Rh3 dxe4 23. Nxe4 Bc6 24. Nc5 Rb2 25. Rxd3 Rxg2 26. O-O-O Rxg4 27. c4 h5 28.
Kb2 h4 29. Nxe6 h3 30. d5 Bxa4 31. Rh1 h2 32. Rd2 Rxc4 33. Rhxh2 Rb8+ 34. Ka3
Bd7 35. Rd4 Rc3+ 36. Ka2 Bxe6 37. dxe6+ Kxe6 38. a6 Rc6 39. Re2+ Kf5 40. Ra4 Ra8
41. Rf2+ Ke6 42. Kb3 Raxa6 43. Rd4 Rab6+ 44. Ka4 Rb7 45. Ka5 Rc1 46. Ka6 Rb3 47.
Ra4 f5 48. Ka7 g6 49. Rg2 Kf7 50. Ka8 Rc7 51. Rh2 Kg7 52. Rah4 Rc5 53. Ra4 Rc7
54. Rah4 Rf7 55. Rg2 Re3 56. Rb4 Re8+ 0-1

[Event "World Rapid Women 2025"]
[Site "Doha QAT"]
[Date "2025.12.26"]
[Round "3.32"]
[White "Gong, Qianyun"]
[Black "Mammadova, Gulnar"]
[Result "0-1"]
[WhiteTitle "WGM"]
[BlackTitle "IM"]
[WhiteElo "2228"]
[BlackElo "2330"]
[WhiteFideId "8602425"]
[BlackFideId "13403508"]
[EventDate "2025.12.26"]

1. e4 g6 2. Nc3 Bg7 3. f4 c5 4. Nf3 Nc6 5. Bc4 e6 6. O-O Nge7 7. d3 d5 8. Bb5
O-O 9. Kh1 Nd4 10. Nxd4 cxd4 11. Ne2 Qa5 12. c4 dxc3 13. Nxc3 Bxc3 14. bxc3 Qxb5
15. Ba3 Re8 16. Qd2 dxe4 17. dxe4 f5 18. c4 Qd7 19. Qc3 Nc6 20. Bb2 e5 21. exf5
Qd4 22. Qa3 Qxc4 23. fxg6 hxg6 24. fxe5 Bf5 25. Qe3 Re7 26. Rae1 Rd8 27. e6 Nd4
28. Qg5 Rde8 29. Bxd4 Rxe6 30. Rd1 Bd3 31. Qh4 Re5 32. Rf4 Qc2 33. Rg1 Rh5 34.
Qf6 Qc7 35. h3 Qd7 36. Kh2 Bf5 37. Rgf1 Re6 38. Rxf5 gxf5 39. Qxf5 Rxf5 0-1

[Event "World Rapid Women 2025"]
[Site "Doha QAT"]
[Date "2025.12.26"]
[Round "3.33"]
[White "Serikbay, Assel"]
[Black "Yu, Jennifer"]
[Result "0-1"]
[WhiteTitle "WIM"]
[BlackTitle "FM"]
[WhiteElo "2221"]
[BlackElo "2276"]
[WhiteFideId "13706799"]
[BlackFideId "2078341"]
[EventDate "2025.12.26"]

1. d4 d5 2. c4 e6 3. Nc3 Nf6 4. Bg5 Bb4 5. cxd5 exd5 6. e3 O-O 7. Bd3 h6 8. Bh4
c5 9. Ne2 c4 10. Bb1 Re8 11. O-O Be7 12. Bxf6 Bxf6 13. Nf4 Be6 14. Qf3 g5 15.
Nfxd5 Bg7 16. Bf5 Nc6 17. Rad1 Rc8 18. a3 a5 19. a4 Ra8 20. h4 Nb4 21. Bxe6 fxe6
22. Nxb4 axb4 23. Ne4 Rxa4 24. hxg5 hxg5 25. Qh5 Ra5 26. Nd6 Re7 27. Nxc4 Rf5
28. e4 Rf4 29. Qxg5 Rxe4 30. Ne5 Rd7 31. Qh5 Rdxd4 32. Qf7+ Kh8 33. Qh5+ Kg8 34.
Qf7+ Kh8 35. Rxd4 Rxd4 36. Qh5+ Kg8 37. Qf7+ Kh8 38. Qxe6 Qd5 39. Qe8+ Kh7 40.
Qg6+ Kg8 41. Ng4 Qc6 42. Qg5 Rd6 43. Re1 Rg6 44. Qf5 Bxb2 45. g3 Bg7 46. Rd1 Rd6
47. Re1 Qd7 48. Qh5 Re6 49. Rc1 b3 50. Qa5 b2 51. Rb1 Qd3 52. Qa2 Kh7 53. Kg2
Qe4+ 54. f3 Qc2+ 55. Nf2 Re2 56. Rh1+ Kg6 57. Qg8 Rxf2+ 58. Kh3 Qf5+ 0-1

[Event "World Rapid Women 2025"]
[Site "Doha QAT"]
[Date "2025.12.26"]
[Round "3.34"]
[White "Nurman, Alua"]
[Black "Kurmangaliyeva, Liya"]
[Result "1-0"]
[WhiteTitle "WGM"]
[BlackTitle "FM"]
[WhiteElo "2367"]
[BlackElo "2339"]
[WhiteFideId "13729390"]
[BlackFideId "13725831"]
[EventDate "2025.12.26"]

1. e4 c5 2. Nf3 Nc6 3. Bb5 e5 4. Nc3 Bd6 5. d3 h6 6. O-O Nf6 7. Ne2 O-O 8. Ng3
Re8 9. c4 Bf8 10. h3 a6 11. Ba4 Rb8 12. a3 d6 13. Be3 Be6 14. Bb3 Qd7 15. Nh4 b5
16. cxb5 axb5 17. Rc1 Nd4 18. Bxd4 cxd4 19. f4 exf4 20. Bxe6 Rxe6 21. Ne2 d5 22.
Nxf4 Ree8 23. Nxd5 Nxd5 24. exd5 Qxd5 25. Qg4 Rbd8 26. Rc7 h5 27. Qf5 Re7 28.
Qxd5 Rxd5 29. Rc8 Re6 30. Rf5 Rde5 31. Rxe5 Rxe5 32. Nf3 Re2 33. b4 Ra2 34. Ne5
Ra1+ 35. Kf2 Rxa3 36. Nd7 Rxd3 37. Rxf8+ Kh7 38. Rb8 Rd2+ 39. Kf3 Rd3+ 40. Ke2
Rg3 41. Kf2 Rg5 42. Nc5 Rf5+ 43. Ke2 Rg5 44. Kf3 Rf5+ 45. Ke2 Rg5 46. Kf2 Rf5+
47. Kg3 Rg5+ 48. Kh2 Rd5 49. Nd3 g5 50. Rb6 Kg7 51. Kg3 f6 52. Rc6 Kf7 53. Kf3
Rf5+ 54. Ke4 Rf1 55. Kxd4 Rg1 56. Rc2 Ke6 57. Kc5 Rd1 58. Re2+ Kf5 59. Nb2 Rd8
60. Rf2+ Ke4 61. Kxb5 f5 62. Nc4 f4 63. Re2+ Kf5 64. Kc6 g4 65. Nd6+ Kf6 66.
hxg4 hxg4 67. Re4 f3 68. gxf3 gxf3 69. Re1 Rb8 70. b5 Kg5 71. b6 Kf4 72. Kc7 Rh8
73. b7 Rh7+ 74. Kc6 f2 75. Rf1 1-0

[Event "World Rapid Women 2025"]
[Site "Doha QAT"]
[Date "2025.12.26"]
[Round "3.35"]
[White "Badelka, Olga"]
[Black "Iudina, Veronika"]
[Result "1/2-1/2"]
[WhiteTitle "IM"]
[BlackTitle "WFM"]
[WhiteElo "2395"]
[BlackElo "2204"]
[WhiteFideId "13509926"]
[BlackFideId "24277916"]
[EventDate "2025.12.26"]

1. c4 e5 2. Nc3 Bb4 3. Nd5 Be7 4. Nf3 Nc6 5. d3 Nf6 6. e4 d6 7. Be2 O-O 8. h3
Nd4 9. Nxd4 Nxd5 10. cxd5 exd4 11. O-O c5 12. dxc6 bxc6 13. Bf4 c5 14. Bg3 Rb8
15. b3 f5 16. f4 d5 17. exd5 Qxd5 18. Bf3 Qf7 19. Re1 Bd6 20. Bh2 a5 21. Qc2 Ba6
22. Rac1 h6 23. h4 Kh8 24. h5 Rfe8 25. Bg3 Qc7 26. Qd2 Rxe1+ 27. Qxe1 Bxd3 28.
Qe6 Rf8 29. Bd5 Ba6 30. Re1 Bc8 31. Qg6 d3 32. Rd1 Bxf4 33. Rxd3 Bxg3 34. Rxg3
Qe5 35. Bc4 Bb7 36. Rd3 Qe1+ 37. Kh2 Qh4+ 38. Kg1 Qe1+ 39. Kh2 Qe5+ 40. Kg1 Qe1+
41. Kh2 Qh4+ 1/2-1/2

[Event "World Rapid Women 2025"]
[Site "Doha QAT"]
[Date "2025.12.26"]
[Round "3.36"]
[White "Zhang, Lanlin"]
[Black "Chen, Yining"]
[Result "0-1"]
[WhiteTitle "WIM"]
[BlackTitle "FM"]
[WhiteElo "2291"]
[BlackElo "2278"]
[WhiteFideId "8608032"]
[BlackFideId "8620946"]
[EventDate "2025.12.26"]

1. e4 e6 2. d4 d5 3. e5 c5 4. c3 Nc6 5. Nf3 Bd7 6. Be2 Nge7 7. O-O Nf5 8. a3
cxd4 9. cxd4 Qb6 10. Nc3 Ncxd4 11. Bd3 Nxf3+ 12. Qxf3 Nd4 13. Qg3 Nb3 14. Rb1
Nxc1 15. Rfxc1 g6 16. h4 Bg7 17. h5 O-O 18. Qf4 f6 19. hxg6 fxe5 20. gxh7+ Kh8
21. Qh4 e4 22. Be2 Rxf2 23. Kh1 Raf8 24. Rf1 Qe3 25. Rxf2 Qxf2 26. Qxf2 Rxf2 27.
Bg4 e3 28. Kg1 Rc2 29. Nxd5 exd5 30. Bxd7 Bd4 31. Bg4 Rd2 32. Kh2 Kxh7 33. b4
Be5+ 34. Kh3 d4 35. Bf3 e2 36. Kg4 d3 37. a4 Kg7 38. a5 Rb2 39. Rc1 Rxb4+ 40.
Kf5 Bg3 0-1

[Event "World Rapid Women 2025"]
[Site "Doha QAT"]
[Date "2025.12.26"]
[Round "3.37"]
[White "Sharma, Isha"]
[Black "Balajayeva, Khanim"]
[Result "1-0"]
[WhiteTitle "WIM"]
[BlackTitle "IM"]
[WhiteElo "2245"]
[BlackElo "2351"]
[WhiteFideId "35006665"]
[BlackFideId "13406396"]
[EventDate "2025.12.26"]

1. e4 e5 2. Nf3 Nc6 3. Bb5 a6 4. Ba4 Nf6 5. O-O Be7 6. d3 b5 7. Bb3 d6 8. c3 O-O
9. Re1 Na5 10. Bc2 c5 11. Nbd2 Nc6 12. Nf1 Re8 13. h3 h6 14. Ng3 Be6 15. d4 cxd4
16. cxd4 exd4 17. Nxd4 Nxd4 18. Qxd4 Rc8 19. Bb3 d5 20. exd5 Bxd5 21. Nf5 Bc5
22. Qd1 Bxb3 23. axb3 Qxd1 24. Rxd1 Re2 25. Be3 Bxe3 26. Ne7+ Kh7 27. Nxc8 Bxf2+
28. Kh1 Ne4 29. Nd6 Nxd6 30. Rxd6 Rxb2 31. Rd3 f5 32. Rf3 Kg6 33. Rxa6+ Kg5 34.
Ra1 f4 35. Rd1 Bg3 36. Kg1 b4 37. Rfd3 Kf5 38. Kf1 Rf2+ 39. Kg1 Rb2 40. Rd5+ Ke6
41. Rd6+ Ke5 42. R6d5+ Ke6 43. R5d3 Ke5 44. Rf3 Ke4 45. Rc1 Ke5 46. Kf1 g5 47.
Rc5+ Ke6 48. Rc4 Rb1+ 49. Ke2 Rb2+ 50. Kd1 Rxg2 51. Rxb4 Rg1+ 52. Kc2 Rg2+ 53.
Kd3 h5 54. Rb6+ Kf5 55. Rb5+ Kf6 56. Rf1 Bf2 57. Ra1 Ke7 58. Rb7+ Kd6 59. Ra6+
Kd5 60. Rb5+ Bc5 61. b4 Rg3+ 62. Kc2 Rg2+ 63. Kb3 f3 64. Rxc5+ Ke4 65. Re6+ Kf4
66. Rf6+ Ke4 67. Rc4+ Kd5 1-0

[Event "World Rapid Women 2025"]
[Site "Doha QAT"]
[Date "2025.12.26"]
[Round "3.38"]
[White "Kiolbasa, Oliwia"]
[Black "Mgeladze, Kesaria"]
[Result "1-0"]
[WhiteTitle "IM"]
[BlackTitle "WIM"]
[WhiteElo "2397"]
[BlackElo "2195"]
[WhiteFideId "1154613"]
[BlackFideId "13621130"]
[EventDate "2025.12.26"]

1. e4 e6 2. d4 d5 3. e5 c5 4. c3 Qb6 5. Nf3 Nc6 6. Na3 cxd4 7. cxd4 Bb4+ 8. Bd2
Bd7 9. Nc2 Bxd2+ 10. Qxd2 Nge7 11. b4 Rc8 12. a4 a6 13. Bd3 Nf5 14. a5 Qd8 15.
O-O Na7 16. Rfc1 Nb5 17. Qf4 h6 18. h4 Nc3 19. Ne3 Nxe3 20. Qxe3 Bb5 21. Rxc3 1-0

[Event "World Rapid Women 2025"]
[Site "Doha QAT"]
[Date "2025.12.26"]
[Round "3.39"]
[White "Dimitrijevic, Aleksandra"]
[Black "Wang, Chuqiao"]
[Result "0-1"]
[WhiteTitle "WGM"]
[BlackTitle "WIM"]
[WhiteElo "2063"]
[BlackElo "2235"]
[WhiteFideId "929239"]
[BlackFideId "8631638"]
[EventDate "2025.12.26"]

1. d4 e6 2. c4 b6 3. Nf3 Bb7 4. g3 Nf6 5. Bg2 Bb4+ 6. Bd2 Bxd2+ 7. Qxd2 d6 8.
Nc3 Nbd7 9. O-O O-O 10. Qc2 c5 11. Rad1 Qe7 12. e4 cxd4 13. Nxd4 Rfd8 14. Rfe1
Rac8 15. b3 Ne5 16. f4 Nc6 17. Nd5 Qf8 18. Nxf6+ gxf6 19. Nf3 Ne7 20. Qb2 f5 21.
Qf6 Bxe4 22. Rxe4 fxe4 23. Ng5 Nf5 24. g4 Qg7 25. Nxe4 Ne3 26. Qh4 Nxd1 27. Nf6+
Kh8 28. Be4 h6 29. g5 Rc5 30. Ng4 Rxg5 31. fxg5 Qxg5 32. Qg3 Rg8 33. Bf3 Ne3 34.
h3 f5 35. Qxd6 fxg4 36. h4 Qf6 37. Be2 g3 0-1

[Event "World Rapid Women 2025"]
[Site "Doha QAT"]
[Date "2025.12.26"]
[Round "3.40"]
[White "Tarasenka, Aliaksandra"]
[Black "Fataliyeva, Ulviyya"]
[Result "1-0"]
[WhiteTitle "WIM"]
[BlackTitle "IM"]
[WhiteElo "2266"]
[BlackElo "2434"]
[WhiteFideId "13514288"]
[BlackFideId "13403052"]
[EventDate "2025.12.26"]

1. e4 c5 2. Nc3 e6 3. Nge2 Nc6 4. d4 cxd4 5. Nxd4 Nf6 6. Qd3 d5 7. exd5 Nb4 8.
Qg3 Bc5 9. a3 Nbxd5 10. Nxd5 Qxd5 11. Nb5 O-O 12. Nc3 Qd6 13. Bd3 Qxg3 14. hxg3
h6 15. f3 Bd7 16. g4 Rfc8 17. g5 hxg5 18. Bxg5 Bd4 19. O-O-O Bxc3 20. bxc3 Bc6
21. Rh4 Kf8 22. c4 Ke7 23. Bd2 a5 24. Be3 Nd7 25. Rh7 Rg8 26. Bd4 g5 27. Re1 Nf8
28. Rh6 g4 29. Bc5+ Ke8 30. fxg4 Bxg2 31. Rg1 Bc6 32. g5 e5 33. Re1 Kd8 34. Rxe5
Nd7 35. Be7+ Kc7 36. Rf5 Rg7 37. Bd6+ Kb6 38. Rh4 Rag8 39. Bf4 a4 40. Rh2 Re8
41. Kd2 Ka7 42. Be3+ Kb8 43. Bd4 Rg6 44. Rh4 Reg8 45. Rh5 Kc8 46. Kc3 b6 47. Kb4
Kd8 48. Rxf7 Rxg5 49. Rxg5 Kc7 1-0

[Event "World Rapid Women 2025"]
[Site "Doha QAT"]
[Date "2025.12.26"]
[Round "3.41"]
[White "Jarocka, Liwia"]
[Black "Buksa, Nataliya"]
[Result "0-1"]
[WhiteTitle "FM"]
[BlackTitle "IM"]
[WhiteElo "2258"]
[BlackElo "2397"]
[WhiteFideId "21807558"]
[BlackFideId "14123622"]
[EventDate "2025.12.26"]

1. d4 d5 2. c4 e6 3. Nc3 Nf6 4. cxd5 exd5 5. Bg5 Nbd7 6. e3 c6 7. Bd3 Be7 8. h3
Nf8 9. Bf4 Ne6 10. Be5 b6 11. Nf3 Bb7 12. O-O O-O 13. Rc1 Re8 14. Re1 Rc8 15. a3
Bd6 16. Qc2 h6 17. e4 dxe4 18. Nxe4 Nxe4 19. Bxe4 Bxe5 20. dxe5 Qe7 21. Red1
Red8 22. Rxd8+ Rxd8 23. Rd1 Rxd1+ 24. Qxd1 c5 25. Bxb7 Qxb7 26. Qd6 b5 27. Kh2
a5 28. Kg3 Qe4 29. Qd2 b4 30. h4 a4 31. Qd7 g5 32. hxg5 hxg5 33. Qe8+ Kg7 34.
Kh2 Qf4+ 35. Kg1 Qc1+ 36. Kh2 Qxb2 37. Qe7 Qxf2 38. Qf6+ Kg8 39. axb4 g4 0-1

[Event "World Rapid Women 2025"]
[Site "Doha QAT"]
[Date "2025.12.26"]
[Round "3.42"]
[White "Charkhalashvili, Inga"]
[Black "Rakshitta, Ravi"]
[Result "0-1"]
[WhiteTitle "WGM"]
[BlackTitle "WGM"]
[WhiteElo "2235"]
[BlackElo "2381"]
[WhiteFideId "13601431"]
[BlackFideId "25073230"]
[EventDate "2025.12.26"]

1. d4 Nf6 2. c4 e6 3. Nf3 Nc6 4. Nc3 Bb4 5. Qc2 d6 6. a3 Bxc3+ 7. Qxc3 O-O 8.
Bg5 h6 9. Bh4 Qe7 10. e3 e5 11. d5 Nb8 12. Be2 Nbd7 13. b4 a5 14. O-O g5 15. Bg3
Ne4 16. Qc2 f5 17. h3 Nxg3 18. fxg3 Nf6 19. Nd2 Kg7 20. Qc3 b6 21. Kh2 Bd7 22.
Bd3 e4 23. Bc2 Kg8 24. Nb3 a4 25. Nd4 Qe5 26. Ne2 b5 27. Rfd1 bxc4 28. Qxc4 Rfb8
29. Qd4 Bb5 30. Nc3 Nd7 31. Nxb5 Rxb5 32. Qc4 Rbb8 33. Qxc7 Nf6 34. Bxa4 Rc8 35.
Qb7 Nh5 36. Rac1 Rcb8 37. Qd7 Rd8 38. Qe6+ Qxe6 39. dxe6 Rxa4 40. Rc7 Nf6 41. e7
Re8 42. Rxd6 Kf7 43. Rcc6 Ng8 44. Rc5 Nxe7 45. Rxh6 Rxa3 46. g4 f4 47. Rxg5 fxe3
48. Re5 e2 49. Rxe4 Ng6 50. Rh7+ Kf8 0-1

[Event "World Rapid Women 2025"]
[Site "Doha QAT"]
[Date "2025.12.26"]
[Round "3.43"]
[White "Beydullayeva, Govhar"]
[Black "Ismayil, Malak"]
[Result "1-0"]
[WhiteTitle "WGM"]
[BlackTitle "WIM"]
[WhiteElo "2364"]
[BlackElo "2138"]
[WhiteFideId "13413015"]
[BlackFideId "13412604"]
[EventDate "2025.12.26"]

1. d4 Nf6 2. c4 e6 3. Bf4 d5 4. cxd5 exd5 5. e3 c6 6. Bd3 Bd6 7. Bxd6 Qxd6 8.
Nc3 O-O 9. h3 b5 10. Nf3 Nbd7 11. O-O a6 12. Rc1 c5 13. dxc5 Nxc5 14. Bb1 Rd8
15. Qd4 Ne6 16. Qh4 Bb7 17. Rfd1 Qf8 18. Nd4 Rac8 19. Nce2 Rxc1 20. Rxc1 Rc8 21.
Rxc8 Qxc8 22. Bf5 Qe8 23. Qg3 Bc8 24. Qd6 Nxd4 25. Nxd4 h6 26. Bd3 Qf8 27. Qc7
Qe8 28. a3 Qd7 29. Qb8 Qb7 30. Qxb7 Bxb7 31. Kf1 g6 32. Ke1 Kf8 33. Kd2 Ke7 34.
Kc3 Nd7 35. f3 Kd6 36. g4 Bc8 37. Be2 Nc5 38. h4 Na4+ 39. Kc2 Nb6 40. b3 Nd7 41.
Kc3 Kc5 42. b4+ Kd6 43. Nb3 g5 44. h5 Nb6 45. Kd4 f5 46. gxf5 Bxf5 47. Nc5 Bc8
48. e4 dxe4 49. fxe4 Nd7 50. Bg4 Ke7 51. e5 Nxc5 52. Bxc8 Ne6+ 53. Kd5 Nf4+ 54.
Ke4 Nxh5 55. Bxa6 Ng7 56. Bxb5 h5 57. Be2 g4 58. a4 Ne6 59. a5 g3 60. Bf1 Nc7
61. Kf3 h4 62. b5 Ke6 63. b6 Kd5 1-0

[Event "World Rapid Women 2025"]
[Site "Doha QAT"]
[Date "2025.12.26"]
[Round "3.44"]
[White "Khafizova, Diana"]
[Black "Gaal, Zsoka"]
[Result "0-1"]
[WhiteTitle "WFM"]
[BlackTitle "IM"]
[WhiteElo "2234"]
[BlackElo "2374"]
[WhiteFideId "34378049"]
[BlackFideId "777765"]
[EventDate "2025.12.26"]

1. d4 Nf6 2. c4 e6 3. Nf3 b6 4. g3 Bb7 5. Bg2 Be7 6. O-O O-O 7. Nc3 Ne4 8. Bd2
f5 9. d5 Bf6 10. Rc1 Na6 11. Ne1 Nac5 12. f3 Bd4+ 13. e3 Nxc3 14. bxc3 Bf6 15.
e4 Ba6 16. Be3 Bxc4 17. Rf2 exd5 18. exd5 Qe7 19. Bf4 g5 20. Bd2 Rae8 21. Bf1
Bxa2 22. Qc2 Bb3 23. Qb1 a5 24. Nd3 a4 25. Kg2 Nxd3 26. Qxd3 Qe5 27. c4 Qd4 28.
Qb1 f4 29. Bd3 Re7 30. Bb4 d6 31. Bc3 Qc5 32. Bxf6 Rxf6 33. Re1 Rxe1 34. Qxe1
Qe3 35. Qc3 Qe5 36. Qd2 fxg3 37. hxg3 g4 38. fxg4 Rxf2+ 39. Qxf2 Kg7 40. Bb1
Bxc4 41. Qc2 Qe2+ 42. Qxe2 Bxe2 0-1

[Event "World Rapid Women 2025"]
[Site "Doha QAT"]
[Date "2025.12.26"]
[Round "3.45"]
[White "Kirtadze, Anastasia"]
[Black "Rudzinska, Michalina"]
[Result "1/2-1/2"]
[WhiteTitle "WIM"]
[BlackTitle "WGM"]
[WhiteElo "2281"]
[BlackElo "2206"]
[WhiteFideId "13622714"]
[BlackFideId "1172883"]
[EventDate "2025.12.26"]

1. e4 c5 2. Nf3 d6 3. d4 cxd4 4. Nxd4 Nf6 5. Nc3 a6 6. Rg1 e5 7. Nb3 h6 8. g4
Be6 9. Be3 Be7 10. Be2 Nbd7 11. h4 Nh7 12. h5 Ng5 13. Bxg5 Bxg5 14. Qxd6 Rc8 15.
Rd1 Rc6 16. Qd3 O-O 17. Nd5 Nc5 18. Nxc5 Rxc5 19. Kf1 b5 20. c3 Qc8 21. Nb6 Qb7
22. Nd5 Rd8 23. Bf3 Rc6 24. Kg2 Rcd6 25. Qe2 Kf8 26. Rd3 Qc8 27. Rgd1 Qc5 28. a3
g6 29. hxg6 fxg6 30. Ne3 Kg7 31. Rxd6 Rxd6 32. Rd3 Bb3 33. Qd2 Bxe3 34. fxe3
Rxd3 35. Qxd3 Bf7 36. Kf2 Qe7 37. Kg2 Qc5 38. Bd1 Qc6 39. Kg3 Bc4 40. Qc2 Qd6
41. b3 Bf7 42. a4 bxa4 43. bxa4 Qc6 44. Be2 Be8 45. a5 Qc5 46. Qd2 Bf7 47. Bxa6
Qxa5 48. Be2 Qb6 49. c4 Qb1 50. Bf3 Bxc4 1/2-1/2

[Event "World Rapid Women 2025"]
[Site "Doha QAT"]
[Date "2025.12.26"]
[Round "3.46"]
[White "Kaliakhmet, Elnaz"]
[Black "Nordahl, Christine"]
[Result "1-0"]
[WhiteTitle "WIM"]
[WhiteElo "2329"]
[BlackElo "1835"]
[WhiteFideId "13730169"]
[BlackFideId "1557939"]
[EventDate "2025.12.26"]

1. d4 Nf6 2. c4 c5 3. d5 e6 4. Nc3 exd5 5. cxd5 d6 6. e4 g6 7. Nf3 a6 8. a4 Bg4
9. Be2 Bxf3 10. Bxf3 Bg7 11. O-O O-O 12. Be2 Re8 13. Qc2 Nbd7 14. Re1 b6 15. h3
Qc7 16. Bf4 c4 17. Bf1 Rab8 18. Be3 Nc5 19. Bxc4 Ncxe4 20. Nxe4 Rxe4 21. b3 Re5
22. Qd1 b5 23. axb5 axb5 24. Bf1 Nxd5 25. Rc1 Qe7 26. Bd2 b4 27. Rxe5 Bxe5 28.
Qf3 Nc3 29. Bc4 Qf6 30. Qxf6 Bxf6 31. Bf4 Rc8 32. Re1 d5 33. Bd3 Ra8 34. Bd6 Ra3
35. Re8+ Kg7 36. Bf8+ Kg8 37. Bh6# 1-0

[Event "World Rapid Women 2025"]
[Site "Doha QAT"]
[Date "2025.12.26"]
[Round "3.47"]
[White "Karimova, Guldona"]
[Black "Lyutsinger, Iren"]
[Result "1-0"]
[WhiteTitle "WIM"]
[BlackTitle "FM"]
[WhiteElo "2288"]
[BlackElo "2169"]
[WhiteFideId "14210410"]
[BlackFideId "34425969"]
[EventDate "2025.12.26"]

1. e4 e5 2. Nf3 Nc6 3. Bc4 Nf6 4. d3 Be7 5. O-O O-O 6. Re1 d6 7. a4 Be6 8. Nbd2
Qd7 9. c3 Rae8 10. a5 a6 11. Qb3 Nd8 12. h3 h6 13. Qc2 c6 14. Bxe6 Nxe6 15. Nc4
Bd8 16. b3 Bc7 17. g3 Nh7 18. Kg2 f5 19. Qd1 fxe4 20. dxe4 Qf7 21. Be3 Qg6 22.
Bb6 Bxb6 23. axb6 Nf4+ 24. Kh2 Nxh3 25. Kxh3 Rxf3 26. Kg2 Ng5 27. Qxd6 Qh5 28.
Qd7 Ref8 29. Ra2 R8f7 30. Qc8+ Kh7 31. Nxe5 Rf8 32. Qg4 Qxg4 33. Nxg4 Rxc3 34.
f4 Ne6 35. Re3 Rxe3 36. Nxe3 Rd8 37. Nc4 Nc5 38. e5 Nxb3 39. e6 Re8 40. Re2 Re7
41. f5 a5 42. Nd6 a4 43. Ra2 Nc5 44. Kf3 g6 45. Ne4 Nb3 46. g4 h5 47. Rxa4 hxg4+
48. Kxg4 gxf5+ 49. Kxf5 Kg7 50. Nf6 Kf8 51. Rg4 Rg7 52. Rxg7 Kxg7 53. e7 Nd4+
54. Ke5 Nf3+ 55. Kd6 1-0

[Event "World Rapid Women 2025"]
[Site "Doha QAT"]
[Date "2025.12.26"]
[Round "3.48"]
[White "Gu, Xiaobing"]
[Black "Abrar Mohammed Ahmad Almalki"]
[Result "1-0"]
[WhiteTitle "WGM"]
[WhiteElo "2106"]
[BlackElo "1826"]
[WhiteFideId "8602611"]
[BlackFideId "21543143"]
[EventDate "2025.12.26"]

1. e4 e6 2. d4 d5 3. Nd2 Nf6 4. e5 Nfd7 5. f4 c5 6. c3 Nc6 7. Ndf3 Qb6 8. g3 Be7
9. Bh3 cxd4 10. cxd4 Bb4+ 11. Kf2 O-O 12. Ne2 h6 13. Kg2 Be7 14. Nc3 Qc7 15. f5
exf5 16. Nxd5 Qd8 17. Ne3 f4 18. gxf4 Nb6 19. Bxc8 Rxc8 20. d5 Nb4 21. d6 Bh4
22. a3 Nc6 23. Nf5 Bf6 24. exf6 Qxf6 25. Qd3 Rcd8 26. Rd1 Rfe8 27. Kh1 Re6 28.
Be3 Nc4 29. Bd4 Nxd4 30. Qxd4 Qxf5 31. Qxc4 Rexd6 32. Rxd6 Rxd6 33. Re1 Rc6 34.
Qe4 Qh3 35. Ne5 Re6 36. Qxb7 Rf6 37. Nd7 Rg6 38. Qa8+ Kh7 39. Nf8+ Kg8 40. Nxg6+
Kh7 41. Nf8+ Kg8 42. Nd7+ Kh7 43. Qe4+ g6 44. Ne5 Kg7 45. Nxf7 Kxf7 46. Qe7+ Kg8
47. Qe8+ Kg7 48. Re7+ Kf6 49. Rf7# 1-0